[Event "213rd YMCA Spring A"]
[Site "Warsaw"]
[Date "2019.05.10"]
[Round "5"]
[White "Choroszej, Aleksander"]
[Black "Omar, Mohamed"]
[Result "1-0"]
[WhiteElo "2073"]
[BlackElo "1813"]
[PlyCount "71"]
[EventDate "2019.04.11"]
[EventType "tourn"]
[EventRounds "1"]
[EventCountry "POL"]
[SourceDate "2019.04.11"]

1. d4 b6 2. e4 Bb7 3. Bd3 e6 4. Nf3 c5 5. c3 cxd4 6. cxd4 Bb4+ 7. Nc3 Nf6 8.
Qc2 d5 9. e5 Ne4 10. O-O Bxc3 11. bxc3 O-O 12. Ne1 f5 13. exf6 Nxf6 14. Bg5 h6
15. Bh4 Ba6 16. Bxa6 Nxa6 17. Nf3 Rc8 18. Qe2 Nc7 19. Ne5 Qe8 20. Rfe1 Qh5 21.
Qxh5 Nxh5 22. Ng6 Rfe8 23. Ne7+ Rxe7 24. Bxe7 Nb5 25. Rxe6 Rxc3 26. Re5 Nf4 27.
g3 Nd3 28. Rxd5 Nc7 29. Rd7 Rc2 30. Bd6 Nb5 31. Be5 Nc3 32. Rxg7+ Kf8 33. Rxa7
Rxf2 34. Ra3 Ne2+ 35. Kh1 Nb4 36. Bd6+ 1-0

[Event "213rd YMCA Spring A"]
[Site "Warsaw"]
[Date "2019.04.25"]
[Round "6"]
[White "Potocki, Karol"]
[Black "Omar, Mohamed"]
[Result "1-0"]
[WhiteElo "1846"]
[BlackElo "1813"]
[PlyCount "49"]
[EventDate "2019.04.11"]
[EventType "tourn"]
[EventRounds "1"]
[EventCountry "POL"]
[SourceDate "2019.04.11"]

1. Nf3 b6 2. d4 Bb7 3. Bf4 e6 4. e3 Nf6 5. Nbd2 Nh5 6. Bg3 Nxg3 7. hxg3 d5 8.
Bd3 h6 9. Ne5 a6 10. Qh5 Qf6 11. Nxf7 g6 12. Bxg6 Rg8 13. Ne5+ Kd8 14. Rh4 Nc6
15. Rf4 Qe7 16. Rf7 Qb4 17. Rd7+ Kc8 18. Bh7 Kb8 19. Bxg8 Qxb2 20. Qe8+ Ka7 21.
Nxc6+ Bxc6 22. Rxc7+ Bb7 23. Rxb7+ Kxb7 24. Qd7+ Kb8 25. Rb1 1-0

[Event "213rd YMCA Spring A"]
[Site "Warsaw"]
[Date "2019.05.17"]
[Round "6"]
[White "Safanowski, Tomasz"]
[Black "Choroszej, Aleksander"]
[Result "0-1"]
[WhiteElo "1827"]
[BlackElo "2073"]
[PlyCount "62"]
[EventDate "2019.04.11"]
[EventType "tourn"]
[EventRounds "1"]
[EventCountry "POL"]
[SourceDate "2019.04.11"]

1. d4 g6 2. c4 Bg7 3. Nc3 d6 4. Nf3 Nf6 5. e4 O-O 6. Be2 e5 7. O-O Nc6 8. d5
Ne7 9. b4 Nh5 10. Ne1 Nf4 11. Be3 f5 12. f3 g5 13. Rc1 h5 14. c5 Nxe2+ 15. Qxe2
f4 16. Bf2 g4 17. Nb5 g3 18. hxg3 fxg3 19. Bxg3 Ng6 20. cxd6 Qg5 21. Nxc7 Qxg3
22. Nxa8 Nf4 23. Qc2 Bh6 24. Nd3 Bd7 25. Nc7 Ba4 26. Nxf4 Bxc2 27. Rxc2 Bxf4
28. Ne6 Be3+ 29. Rff2 Rxf3 30. Rc8+ Kh7 31. Rc7+ Kh6 0-1

[Event "213rd YMCA Spring A"]
[Site "Warsaw"]
[Date "2019.05.14"]
[Round "6"]
[White "Kasperkiewicz, Pawel"]
[Black "Moskwinski, Marek"]
[Result "0-1"]
[WhiteElo "1934"]
[BlackElo "1907"]
[PlyCount "94"]
[EventDate "2019.04.11"]
[EventType "tourn"]
[EventRounds "1"]
[EventCountry "POL"]
[SourceDate "2019.04.11"]

1. d4 Nf6 2. c4 e6 3. Nc3 Bb4 4. Nf3 b6 5. g3 Bb7 6. Bg2 d5 7. Qa4+ Nc6 8. Ne5
O-O 9. Nxc6 Bxc3+ 10. bxc3 Qd7 11. cxd5 exd5 12. O-O Bxc6 13. Qb3 Rfe8 14. Re1
Bb5 15. Qc2 Ba4 16. Qb2 Rac8 17. Bf4 c5 18. Rac1 Ne4 19. Qa3 Bb5 20. dxc5 Rxc5
21. Be3 Rc4 22. Bd4 Ra4 23. Qb2 f6 24. f3 Nd6 25. e3 Bc4 26. Ra1 Nb5 27. Qd2
Ra5 28. h4 Nd6 29. Kh2 Qa4 30. e4 dxe4 31. fxe4 Nb5 32. e5 Nxd4 33. cxd4 fxe5
34. dxe5 Raxe5 35. Rxe5 Rxe5 36. Qd8+ Qe8 37. Qxe8+ Rxe8 38. Bf3 Re3 39. Kg2
Ra3 40. Rc1 Rxa2+ 41. Kh3 Be6+ 42. g4 h5 43. Rc3 Ra4 44. Bd1 Bxg4+ 45. Bxg4
hxg4+ 46. Kg3 Rb4 47. Rc8+ Kh7 0-1

[Event "213rd YMCA Spring A"]
[Site "Warsaw"]
[Date "2019.04.17"]
[Round "6"]
[White "Podgorski, Maciej"]
[Black "Derylo, Kamil"]
[Result "0-1"]
[WhiteElo "1837"]
[BlackElo "1838"]
[PlyCount "68"]
[EventDate "2019.04.11"]
[EventType "tourn"]
[EventRounds "1"]
[EventCountry "POL"]
[SourceDate "2019.04.11"]

1. e4 c5 2. Nf3 Nc6 3. d4 cxd4 4. Nxd4 Nf6 5. Nc3 e5 6. Ndb5 d6 7. Bg5 a6 8.
Bxf6 gxf6 9. Na3 b5 10. Nd5 f5 11. exf5 Bxf5 12. Qf3 Nd4 13. Nc7+ Qxc7 14.
Qxa8+ Ke7 15. c3 b4 16. cxb4 Qb6 17. Bxa6 Qxb4+ 18. Kf1 Kf6 19. Qd8+ Kg6 20. h4
Ne6 21. h5+ Kg7 22. Qh4 Qxb2 23. Qg3+ Kf6 24. Re1 Bh6 25. Bc4 Rc8 26. Qf3 Ng5
27. Qd5 Qxa3 28. f4 Be6 29. fxg5+ Bxg5 30. Qe4 Bxc4+ 31. Kg1 Qa7+ 32. Kh2 Bf4+
33. Kh3 Be6+ 34. Kh4 Qf2+ 0-1

[Event "213rd YMCA Spring A"]
[Site "Warsaw"]
[Date "2019.04.26"]
[Round "7"]
[White "Derylo, Kamil"]
[Black "Potocki, Karol"]
[Result "1-0"]
[WhiteElo "1838"]
[BlackElo "1846"]
[PlyCount "83"]
[EventDate "2019.04.11"]
[EventType "tourn"]
[EventRounds "1"]
[EventCountry "POL"]
[SourceDate "2019.04.11"]

1. e4 c6 2. d4 d5 3. exd5 cxd5 4. Bd3 Nc6 5. c3 Qc7 6. Ne2 Nf6 7. O-O Bg4 8.
Qe1 e6 9. f3 Bh5 10. Qh4 Be7 11. Bg5 Bg6 12. Bxg6 fxg6 13. Nf4 Kf7 14. Re1 Nd8
15. Nd2 Qd7 16. Re2 a5 17. Rae1 Ra6 18. Nb3 h6 19. Bxf6 gxf6 20. Qg4 Rg8 21.
Nd3 h5 22. Qh3 Qc8 23. f4 Bf8 24. Qf3 Qc4 25. Nbc5 Bxc5 26. Nxc5 Rd6 27. a4 Rb6
28. b3 Rxb3 29. Nxb3 Qxb3 30. f5 gxf5 31. Qxh5+ Kf8 32. Qh6+ Kf7 33. Qh7+ Rg7
34. Qh5+ Rg6 35. Re3 f4 36. Rh3 Qb2 37. Qf3 Qd2 38. Re2 Qc1+ 39. Kf2 f5 40.
Rh7+ Kf6 41. Qh5 Nf7 42. Rxe6+ 1-0

[Event "213rd YMCA Spring A"]
[Site "Warsaw"]
[Date "2019.05.24"]
[Round "7"]
[White "Liberadzki, Slawomir"]
[Black "Podgorski, Maciej"]
[Result "1-0"]
[WhiteElo "2021"]
[BlackElo "1837"]
[PlyCount "69"]
[EventDate "2019.04.11"]
[EventType "tourn"]
[EventRounds "1"]
[EventCountry "POL"]
[SourceDate "2019.04.11"]

1. c4 Nf6 2. Nf3 g6 3. g3 Bg7 4. Bg2 d6 5. O-O O-O 6. d4 Nc6 7. Nc3 a6 8. e4 e5
9. dxe5 dxe5 10. Bg5 Be6 11. Qxd8 Raxd8 12. Nd5 Nxe4 13. Bxd8 Rxd8 14. Rad1 Rb8
15. b3 Bg4 16. h3 Bxf3 17. Bxf3 Ng5 18. Bg2 Ne6 19. f4 f5 20. fxe5 Nxe5 21. Nf4
Nc5 22. Bd5+ Kh8 23. Ne6 Nxe6 24. Bxe6 Bh6 25. Rd5 Be3+ 26. Kg2 Nc6 27. Rfd1
Bb6 28. Bd7 Nb4 29. R5d2 a5 30. a3 Na6 31. Bb5 Nc5 32. b4 Ne6 33. c5 Ba7 34.
Bc4 Nf8 35. Rd8 1-0

[Event "213rd YMCA Spring A"]
[Site "Warsaw"]
[Date "2019.05.21"]
[Round "7"]
[White "Choroszej, Aleksander"]
[Black "Kasperkiewicz, Pawel"]
[Result "1-0"]
[WhiteElo "2073"]
[BlackElo "1934"]
[PlyCount "93"]
[EventDate "2019.04.11"]
[EventType "tourn"]
[EventRounds "1"]
[EventCountry "POL"]
[SourceDate "2019.04.11"]

1. d4 Nf6 2. c4 e6 3. Nc3 Bb4 4. f3 O-O 5. a3 Bxc3+ 6. bxc3 Nh5 7. Nh3 f5 8.
Bg5 Nf6 9. Nf2 h6 10. Bxf6 Qxf6 11. e4 fxe4 12. Nxe4 Qf4 13. Bd3 Qe3+ 14. Qe2
Qxe2+ 15. Kxe2 Nc6 16. c5 b6 17. a4 Bb7 18. Rhb1 Na5 19. Nd2 Bd5 20. Be4 Bxe4
21. Nxe4 Kf7 22. Kd3 Ke7 23. Nd2 Rf5 24. cxb6 axb6 25. Rb5 d6 26. Rxf5 exf5 27.
Nf1 Kd7 28. Ne3 g6 29. h4 Nc6 30. g4 fxg4 31. fxg4 Ne7 32. Rf1 Rxa4 33. Rf7 Ke6
34. Rh7 c5 35. Rxh6 cxd4 36. cxd4 Ra3+ 37. Kd2 Ra2+ 38. Kd3 Nd5 39. Nxd5 Kxd5
40. Rxg6 Ra3+ 41. Kc2 b5 42. h5 b4 43. h6 Rh3 44. Rg5+ Kc4 45. Rh5 b3+ 46. Kb2
Rg3 47. Rh2 1-0

[Event "213rd YMCA Spring A"]
[Site "Warsaw"]
[Date "2019.05.24"]
[Round "7"]
[White "Omar, Mohamed"]
[Black "Safanowski, Tomasz"]
[Result "1-0"]
[WhiteElo "1813"]
[BlackElo "1827"]
[PlyCount "199"]
[EventDate "2019.04.11"]
[EventType "tourn"]
[EventRounds "1"]
[EventCountry "POL"]
[SourceDate "2019.04.11"]

1. e4 e6 2. d3 d5 3. Nd2 Nf6 4. Ngf3 b6 5. e5 Nfd7 6. d4 c5 7. c3 Nc6 8. Bd3
cxd4 9. cxd4 Nb4 10. Be2 Ba6 11. Bxa6 Nxa6 12. a3 Be7 13. O-O O-O 14. Nb1 b5
15. Bd2 Nb6 16. Ba5 Qd7 17. Bxb6 axb6 18. Qd3 b4 19. a4 Rfc8 20. Nbd2 Nc7 21.
Rfc1 Rxa4 22. Rxa4 Qxa4 23. Nb3 Qd7 24. Qc2 Bd8 25. Qc6 Qxc6 26. Rxc6 Rb8 27.
Ne1 Na6 28. Kf1 Kf8 29. Ke2 Ke8 30. Nd3 Kd7 31. Rc1 Be7 32. Ra1 Ra8 33. Nbc1
Kc6 34. Kd2 Kb5 35. b3 Rc8 36. Ne2 Bg5+ 37. f4 Be7 38. Rc1 Rxc1 39. Ndxc1 Kc6
40. Kd3 Nc7 41. g3 f6 42. h4 f5 43. Ng1 Nb5 44. Nce2 Kd7 45. Nf3 h6 46. Ne1 Na7
47. Nc2 Nc6 48. Nc1 Ke8 49. Ke3 Kf7 50. h5 g6 51. hxg6+ Kxg6 52. Ne2 h5 53. Ng1
Na5 54. Na1 h4 55. gxh4 Bxh4 56. Nf3 Kh5 57. Nxh4 Kxh4 58. Nc2 Nxb3 59. Nxb4
Na5 60. Na6 Nc6 61. Nc7 Nd8 62. Kf3 Kh5 63. Kg3 Kg6 64. Kh4 Kf7 65. Kg5 Nc6 66.
Nb5 Ke7 67. Kg6 Kd7 68. Kf7 Nb4 69. Nc3 Nc6 70. Nb5 Nd8+ 71. Kf6 Nc6 72. Kf7
Nb4 73. Nc3 b5 74. Nxb5 Nd3 75. Nd6 Nxf4 76. Ne8 Kc6 77. Ng7 Kb5 78. Nxe6 Nxe6
79. Kxe6 f4 80. Kxd5 f3 81. e6 f2 82. e7 f1=Q 83. e8=Q+ Kb4 84. Qb8+ Kc3 85.
Qc7+ Kb4 86. Qc5+ Kb3 87. Qb6+ Kc3 88. Qa5+ Kb3 89. Qc5 Qf5+ 90. Kd6 Qf6+ 91.
Kc7 Qg7+ 92. Kc6 Qf6+ 93. Qd6 Qh8 94. d5 Kc4 95. Qf4+ Kc3 96. Qc7 Kd4 97. d6
Qh1+ 98. Kd7 Qh7+ 99. Kc8 Qg8+ 100. Kb7 1-0

[Event "213rd YMCA Spring A"]
[Site "Warsaw"]
[Date "2019.04.30"]
[Round "8"]
[White "Potocki, Karol"]
[Black "Safanowski, Tomasz"]
[Result "0-1"]
[WhiteElo "1846"]
[BlackElo "1827"]
[PlyCount "36"]
[EventDate "2019.04.11"]
[EventType "tourn"]
[EventRounds "1"]
[EventCountry "POL"]
[SourceDate "2019.04.11"]

1. Nf3 Nf6 2. c4 c6 3. g3 d5 4. Bg2 e6 5. O-O Bd6 6. d4 O-O 7. Nbd2 b5 8. cxd5
cxd5 9. Re1 Bb7 10. e4 dxe4 11. Ng5 Bb4 12. Ngxe4 Nxe4 13. Bxe4 Bxe4 14. Rxe4
Qd5 15. Re5 Qxd4 16. Rxb5 Nc6 17. a3 Bxd2 18. Qxd2 Qxd2 0-1

[Event "213rd YMCA Spring A"]
[Site "Warsaw"]
[Date "2019.05.31"]
[Round "8"]
[White "Podgorski, Maciej"]
[Black "Moskwinski, Marek"]
[Result "0-1"]
[WhiteElo "1837"]
[BlackElo "1907"]
[PlyCount "114"]
[EventDate "2019.04.11"]
[EventType "tourn"]
[EventRounds "1"]
[EventCountry "POL"]
[SourceDate "2019.04.11"]

1. e4 e5 2. Nf3 Nc6 3. Bc4 Bc5 4. c3 Nf6 5. d3 O-O 6. O-O d6 7. Re1 a6 8. d4
Ba7 9. h3 Re8 10. Na3 exd4 11. cxd4 Nxe4 12. Ng5 Nxg5 13. Bxg5 Rxe1+ 14. Qxe1
Qf8 15. Nc2 Nxd4 16. Nxd4 Bxd4 17. Be7 Qe8 18. Bxd6 Bxh3 19. gxh3 cxd6 20. Qb4
Bc5 21. Qxb7 Rb8 22. Bxf7+ Kf8 23. Qc7 Bxf2+ 24. Kf1 Bb6 25. Bxe8 Bxc7 26. Rc1
Ba5 27. Ba4 Rxb2 28. Rc8+ Ke7 29. Rc2 Rb1+ 30. Kg2 Bb6 31. Bb3 Rg1+ 32. Kh2 Rg5
33. Rc6 Bd4 34. Rxa6 Be5+ 35. Kh1 Rg3 36. Ra7+ Kf6 37. h4 Rh3+ 38. Kg2 Rxh4 39.
a4 Rh2+ 40. Kf1 Rb2 41. Bd5 Rf2+ 42. Kg1 Bd4 43. Ra5 Rf5+ 44. Kg2 h5 45. Rb5 g5
46. Bf3 Rxb5 47. axb5 g4 48. Be2 Kg5 49. Bc4 h4 50. Bd5 Bc5 51. Bc6 Kf4 52. Bd5
Ke5 53. Bc6 d5 54. Bd7 Kf4 55. Be6 d4 56. Kf1 h3 57. Bd5 g3 0-1

[Event "213rd YMCA Spring A"]
[Site "Warsaw"]
[Date "2019.05.30"]
[Round "8"]
[White "Derylo, Kamil"]
[Black "Liberadzki, Slawomir"]
[Result "0-1"]
[WhiteElo "1838"]
[BlackElo "2021"]
[PlyCount "86"]
[EventDate "2019.04.11"]
[EventType "tourn"]
[EventRounds "1"]
[EventCountry "POL"]
[SourceDate "2019.04.11"]

1. d4 d5 2. c4 e6 3. Nf3 Nf6 4. Nc3 Be7 5. Bg5 O-O 6. e3 h6 7. Bxf6 Bxf6 8. Qc2
b6 9. O-O-O Ba6 10. Kb1 Bxc4 11. Bxc4 dxc4 12. Ne4 b5 13. g4 Nc6 14. h4 Nb4 15.
Qe2 Be7 16. g5 h5 17. g6 Qd5 18. gxf7+ Rxf7 19. Neg5 Bxg5 20. Nxg5 Qf5+ 21. e4
Qxf2 22. Qxh5 c3 23. Qxf7+ Qxf7 24. Nxf7 c2+ 25. Kc1 cxd1=Q+ 26. Rxd1 Kxf7 27.
a3 Nc6 28. d5 Ne5 29. Rf1+ Ke7 30. dxe6 Rh8 31. Rh1 g6 32. Kc2 Kxe6 33. Rh3 Rh5
34. Kc3 g5 35. Kd4 gxh4 36. b4 Nf7 37. Ke3 Ng5 38. Rh1 Ke5 39. Rc1 Nxe4 40.
Rxc7 h3 41. Re7+ Kd6 42. Rxe4 h2 43. Rd4+ Kc6 0-1

[Event "213rd YMCA Spring A"]
[Site "Warsaw"]
[Date "2019.06.07"]
[Round "9"]
[White "Liberadzki, Slawomir"]
[Black "Potocki, Karol"]
[Result "1-0"]
[WhiteElo "2021"]
[BlackElo "1846"]
[PlyCount "40"]
[EventDate "2019.04.11"]
[EventType "tourn"]
[EventRounds "1"]
[EventCountry "POL"]
[SourceDate "2019.04.11"]

1. c4 e6 2. Nf3 d5 3. b3 Nf6 4. Bb2 c5 5. e3 Be7 6. Be2 Nc6 7. cxd5 exd5 8. d4
O-O 9. O-O Ne4 10. dxc5 Bxc5 11. Nc3 Be6 12. Nb5 Rc8 13. a3 Qe7 14. b4 Bb6 15.
Rc1 a5 16. bxa5 Nxa5 17. Rxc8 Rxc8 18. Bd4 Bd8 19. Nd2 Nc4 $11 20. Bxc4 dxc4
1-0

[Event "213rd YMCA Spring A"]
[Site "Warsaw"]
[Date "2019.05.10"]
[Round "9"]
[White "Moskwinski, Marek"]
[Black "Derylo, Kamil"]
[Result "0-1"]
[WhiteElo "1907"]
[BlackElo "1838"]
[PlyCount "98"]
[EventDate "2019.04.11"]
[EventType "tourn"]
[EventRounds "1"]
[EventCountry "POL"]
[SourceDate "2019.04.11"]

1. e4 c6 2. d4 d5 3. Nc3 dxe4 4. Nxe4 Nf6 5. Ng3 h5 6. h4 Qc7 7. Bg5 Bg4 8. Be2
Nbd7 9. Nf3 e6 10. Nd2 Bxe2 11. Qxe2 Bd6 12. Nge4 Nxe4 13. Nxe4 Bf4 14. g3 Bxg5
15. hxg5 g6 16. O-O-O O-O-O 17. Rh4 Kb8 18. Kb1 Rhe8 19. f4 c5 20. Rhh1 c4 21.
c3 Qc6 22. Nf6 Nxf6 23. Qe5+ Qc7 24. Qxf6 Rd5 25. Rhe1 Rf5 26. Qg7 Qc6 27. Re3
Qg2 28. Rde1 Rd8 29. R1e2 Qh1+ 30. Kc2 $11 Qh3 31. b3 b5 32. Qh7 Ka8 33. Kb2 a5
34. Kc2 Qf1 35. Re1 Qg2+ 36. R1e2 Qc6 37. Kb2 Rb8 38. Qg7 b4 39. cxb4 axb4 40.
bxc4 Qxc4 41. Rc2 Qa6 42. Rb3 Qb6 43. Rc4 Qd6 44. Rc2 h4 45. gxh4 Qxf4 46. Rc5
Qf2+ 47. Rc2 Qxh4 48. Rd3 Qe1 49. a3 bxa3+ 0-1

[Event "213rd YMCA Spring A"]
[Site "Warsaw"]
[Date "2019.06.07"]
[Round "9"]
[White "Choroszej, Aleksander"]
[Black "Podgorski, Maciej"]
[Result "1-0"]
[WhiteElo "2073"]
[BlackElo "1837"]
[PlyCount "59"]
[EventDate "2019.04.11"]
[EventType "tourn"]
[EventRounds "1"]
[EventCountry "POL"]
[SourceDate "2019.04.11"]

1. d4 Nf6 2. c4 g6 3. Nc3 Bg7 4. e4 d6 5. f4 O-O 6. Nf3 c5 7. d5 e6 8. Be2 exd5
9. cxd5 b5 10. e5 dxe5 11. fxe5 Ng4 12. Bg5 Qb6 13. O-O Nxe5 14. Nxe5 Bxe5 15.
d6 Bb7 16. Bf3 Nd7 17. Be7 Rfe8 18. Nd5 Bxd5 19. Bxd5 Bd4+ 20. Kh1 Ne5 21. Bxa8
Rxa8 22. d7 Qc7 23. d8=Q+ Rxd8 24. Bxd8 Qxd8 25. Qe2 Qb6 26. Rad1 c4 27. Rf4
Nd3 28. Qe8+ Kg7 29. Qxf7+ Kh8 30. Qf8# 1-0

[Event "213rd YMCA Spring A"]
[Site "Warsaw"]
[Date "2019.06.04"]
[Round "9"]
[White "Safanowski, Tomasz"]
[Black "Kasperkiewicz, Pawel"]
[Result "1/2-1/2"]
[WhiteElo "1827"]
[BlackElo "1934"]
[PlyCount "170"]
[EventDate "2019.04.11"]
[EventType "tourn"]
[EventRounds "1"]
[EventCountry "POL"]
[SourceDate "2019.04.11"]

1. d4 Nf6 2. c4 e6 3. Nc3 d5 4. Bg5 Be7 5. Nf3 h6 6. Bxf6 Bxf6 7. e3 O-O 8. Bd3
dxc4 9. Bxc4 Nc6 10. O-O e5 11. d5 Ne7 12. h3 Nf5 13. Rc1 Nd6 14. Nb5 e4 15.
Nfd4 Nxc4 16. Rxc4 Qxd5 17. Qc2 Qg5 18. Nxc7 Bxh3 19. Qxe4 Rac8 20. f4 Qg3 21.
Qf3 Qxf3 22. Nxf3 Bd7 23. Rd1 Bc6 24. Nd5 Bxd5 25. Rxc8 Rxc8 26. Rxd5 Rc2 27.
b4 Rxa2 28. e4 Bc3 29. Ne5 Rd2 30. Rb5 Rb2 31. Nd3 Rd2 32. Rd5 Kf8 33. Kh2 Ke7
34. Kg3 g6 35. Kf3 a6 36. g3 h5 37. Ke3 Rg2 38. Kf3 Rd2 39. Ke3 Rg2 40. Kf3 Rd2
41. Ke3 b6 42. e5 a5 43. bxa5 Bxa5 44. Rb5 Rg2 45. Kf3 Rc2 46. Rd5 Rc6 47. Nf2
Rc3+ 48. Nd3 Rb3 49. Kg2 Rc3 50. Nf2 Rc5 51. Rd6 Rc2 52. Kf3 Bb4 53. Rd5 Rc3+
54. Nd3 Bc5 55. Ke4 Rc4+ 56. Kf3 Rd4 57. Rxd4 Bxd4 58. Ke4 Bg1 59. f5 gxf5+ 60.
Kxf5 b5 61. Nf4 Bf2 62. Nxh5 b4 63. Ke4 b3 64. Kd3 Bd4 65. Nf6 Bxe5 66. Ne4 b2
67. Kc2 Ke6 68. g4 Bd4 69. Ng5+ Kf6 70. Nf3 Bc3 71. Kb1 Ke6 72. Ng5+ Ke7 73.
Kc2 Bf6 74. Nf3 Ke6 75. Kb1 Kd5 76. Kc2 Ke4 77. g5 Bh8 78. Nh4 Bc3 79. g6 f5
80. Ng2 f4 81. Ne1 f3 82. Nd3 Bd4 83. Nxb2 f2 84. Nc4 Kf5 85. g7 Bxg7 $11
1/2-1/2

[Event "213rd YMCA Spring A pff"]
[Site "Warsaw"]
[Date "2019.06.14"]
[Round "10"]
[White "Liberadzki, Slawomir"]
[Black "Derylo, Kamil"]
[Result "1/2-1/2"]
[WhiteElo "2021"]
[BlackElo "1838"]
[PlyCount "63"]
[EventDate "2019.06.11"]
[EventType "tourn"]
[EventRounds "1"]
[EventCountry "POL"]
[SourceDate "2019.04.11"]

1. c4 c5 2. Nf3 Nc6 3. g3 g6 4. Bg2 Bg7 5. O-O e6 6. e3 Nge7 7. Nc3 O-O 8. d4
cxd4 9. Nxd4 a6 10. Nxc6 bxc6 11. Qd6 Nf5 12. Qd3 Qb6 13. b3 d5 14. Na4 Qc7 15.
Bb2 Bxb2 16. Nxb2 Bb7 17. e4 Ne7 18. Rac1 Qe5 19. Na4 Rad8 20. Rfd1 Qb8 21. Nc5
Qa7 22. b4 Qb6 23. a3 a5 24. exd5 cxd5 25. Nxb7 Qxb7 26. bxa5 Qa7 27. cxd5 Nxd5
28. Qd4 Qxa5 29. Rc5 Qxa3 30. Bxd5 Rxd5 31. Rxd5 exd5 32. Qxd5 $11 1/2-1/2

[Event "213rd YMCA Spring A pff"]
[Site "Warsaw"]
[Date "2019.06.14"]
[Round "10"]
[White "Moskwinski, Marek"]
[Black "Choroszej, Aleksander"]
[Result "1/2-1/2"]
[WhiteElo "2073"]
[BlackElo "1907"]
[PlyCount "102"]
[EventDate "2019.06.11"]
[EventType "tourn"]
[EventRounds "1"]
[EventCountry "POL"]
[SourceDate "2019.04.11"]

1. e4 g6 2. d4 Bg7 3. Nc3 d6 4. f4 Nf6 5. Nf3 O-O 6. e5 Nfd7 7. h4 c5 8. h5
cxd4 9. hxg6 dxc3 10. gxf7+ Rxf7 11. Bc4 e6 12. Ng5 cxb2 13. Bxb2 Qa5+ 14. c3
Nxe5 15. Qh5 Nbc6 16. O-O-O h6 17. fxe5 hxg5 18. exd6 $11 g4 19. Qh7+ Kf8 20.
Rhf1 Qg5+ 21. Kb1 Bf6 22. Qe4 Ne5 23. Bc1 Qg7 24. d7 Bxd7 25. Rxd7 Nxd7 26.
Ba3+ Kg8 27. Bxe6 Nf8 28. Bxf7+ Qxf7 29. Qxg4+ Qg7 30. Qc4+ Qf7 31. Qg4+ Ng6
32. Bc5 $11 Qg7 33. Qe6+ Qf7 34. Qxf6 Qxf6 35. Rxf6 Ne5 36. Bd4 Nc6 37. Kb2 Rd8
38. Rg6+ Kf7 39. Rg7+ Ke6 40. Rxb7 Nxd4 41. cxd4 Rxd4 42. Rxa7 Rd2+ 43. Kb1
Rxg2 44. Rc7 Kd6 45. Rc8 Rg7 46. a4 Rb7+ 47. Ka2 Rc7 48. Rb8 Kc6 49. Rb1 Rb7
50. Rh1 Kb6 51. Rh5 Rg7 1/2-1/2

[Event "213rd YMCA Spring A pff"]
[Site "Warsaw"]
[Date "2019.06.11"]
[Round "10"]
[White "Kasperkiewicz, Pawel"]
[Black "Omar, Mohamed"]
[Result "0-1"]
[WhiteElo "1934"]
[BlackElo "1813"]
[PlyCount "92"]
[EventDate "2019.06.11"]
[EventType "tourn"]
[EventRounds "1"]
[EventCountry "POL"]
[SourceDate "2019.04.11"]

1. d4 f5 2. Bg5 b6 3. Nd2 h6 4. Bh4 g5 5. e3 Nf6 6. Bg3 Bb7 7. h4 g4 8. Ne2 e6
9. Nf4 Bd6 10. c3 Bxf4 11. Bxf4 Nh5 12. Be5 Rg8 13. Qc2 d6 14. Bf4 Qf6 15. Bb5+
Kf8 16. O-O-O Bxg2 17. Rhg1 Bb7 18. Nf1 Nxf4 19. exf4 Qxh4 20. d5 Qf6 21. Ne3
Rg7 22. f3 h5 23. dxe6 Bxf3 24. Qxf5 Qxf5 25. Nxf5 Nc6 26. Nxg7 Kxg7 27. Rd3
Be4 28. Re1 a6 29. Rxe4 axb5 30. Rd5 Rh8 31. Rf5 Kg6 32. Rf7 Re8 33. Rxc7 Ne7
34. Kd2 Kf5 35. Re1 g3 36. Ke2 Kxf4 37. Kf1 h4 38. Kg2 d5 39. Rd7 Kg4 40. Rd1
Nf5 41. R7xd5 Ne3+ 42. Kg1 Nxd5 43. Rxd5 Rxe6 44. Rd4+ Kf3 45. Rd3+ Re3 46. Rd1
h3 0-1

[Event "213rd YMCA Spring A pff"]
[Site "Warsaw"]
[Date "2019.06.18"]
[Round "11"]
[White "Choroszej, Aleksander"]
[Black "Derylo, Kamil"]
[Result "0-1"]
[WhiteElo "2073"]
[BlackElo "1838"]
[PlyCount "78"]
[EventDate "2019.06.11"]
[EventType "tourn"]
[EventRounds "1"]
[EventCountry "POL"]
[SourceDate "2019.04.11"]

1. d4 Nf6 2. c4 e5 3. dxe5 Ng4 4. Bf4 Nc6 5. Nf3 Bb4+ 6. Nbd2 Qe7 7. e3 Ngxe5
8. Nxe5 Nxe5 9. Be2 O-O 10. O-O Ng6 11. Bg3 Bd6 12. Bxd6 Qxd6 13. Qc2 Qe7 14.
c5 d6 15. cxd6 Qxd6 16. Rac1 c6 17. Rfd1 Be6 18. a3 Rfd8 19. h3 Qe7 20. Bc4 Ne5
21. Bxe6 Qxe6 22. Ne4 Qg6 23. Ng3 Nd3 24. e4 Nxc1 25. Rxc1 Rd7 26. Qb3 Rad8 27.
Rc3 Qe6 28. Qb4 g6 29. Kh2 h5 30. f4 Rd4 31. Qxb7 h4 32. Ne2 Rxe4 33. Rxc6 Qf5
34. Qa6 Rxf4 35. Rd6 Rxd6 36. Qxd6 Re4 37. Nc3 Re8 38. Qd4 Qg5 39. Ne4 Qf4+ 0-1